000 00423nam a2200121Ia 4500
008 220620s9999||||xx |||||||||||||| ||und||
245 0 _aBacterial Biofilms
546 _aEnglish[eng]
650 _aEnvironmental science, engineering & technology
700 _aDincer, Sadik||Sümengen Özdenefe, Melis||Arkut, Afet
856 _uhttps://mts.intechopen.com/storage/books/8967/authors_book/authors_book.pdf
942 _cEB
999 _c31667
_d31667